[Event "EU-chT Seniors 10th"]
[Site "Dresden"]
[Date "2008.02.16"]
[Round "6.4"]
[White "Rodkin, Rafael"]
[Black "Winiwarter, Felix"]
[Result "1-0"]
[WhiteElo "2218"]
[BlackElo "2187"]
[PlyCount "61"]
[EventDate "2008.02.11"]
[EventType "team-swiss"]
[EventRounds "9"]
[EventCountry "GER"]
[SourceTitle "CBM 122 Extra"]
[Source "ChessBase"]
[SourceDate "2008.03.04"]
[SourceVersion "1"]
[SourceVersionDate "2008.03.04"]
[SourceQuality "1"]
[WhiteTeam "Odessa"]
[BlackTeam "Salzburg"]
[WhiteTeamCountry "UKR"]
[BlackTeamCountry "AUT"]

1. d4 Nf6 2. c4 c5 3. Nf3 e6 4. Nc3 d5 5. dxc5 Bxc5 6. cxd5 exd5 7. e3 0-0 8. Be2 Nc6 9. 0-0 Re8 10. a3 a6 11. b4 Bd6 12. Bb2 Bc7 13. Qd3 Qd6 14. Rfd1 Ne5 15. Nxe5 Qxe5 16. g3 Bg4 17. Qd2 Bxe2 18. Qxe2 Qf5 19. Qd3 Qh3 20. Nxd5 Ng4 21. f4 Bd8 22. Rac1 h5 23. Bd4 h4 24. Qf1 Qxf1+ 25. Kxf1 hxg3 26. hxg3 f5 27. Ke2 Rb8 28. Rc2 Bf6 29. Nxf6+ Nxf6 30. Rc7 Re4 31. Rd2 1-0

[Event "EU-chT Seniors 08th"]
[Site "Dresden"]
[Date "2006.02.23"]
[Round "7"]
[White "Rodkin, Rafael"]
[Black "Petzold, Hans"]
[Result "1-0"]
[WhiteElo "2233"]
[BlackElo "2151"]
[PlyCount "90"]
[EventDate "2006.02.17"]
[EventType "team-swiss"]
[EventRounds "8"]
[EventCountry "GER"]
[SourceTitle "CBM 111 Extra"]
[Source "ChessBase"]
[SourceDate "2006.05.09"]
[SourceVersion "1"]
[SourceVersionDate "2006.05.09"]
[SourceQuality "1"]
[WhiteTeam "Odessa WIS"]
[BlackTeam "Dresden SC"]
[WhiteTeamCountry "ISR"]
[BlackTeamCountry "GER"]

1. c4 e5 2. Nf3 Nc6 3. g3 f5 4. b3 g6 5. Bb2 Bg7 6. Nc3 d6 7. d3 Nf6 8. Bg2 0-0 9. 0-0 h6 10. Ne1 Be6 11. Nc2 Qd7 12. b4 Rae8 13. b5 Nd8 14. e3 Kh7 15. f4 e4 16. Re1 exd3 17. Qxd3 Qf7 18. Na3 Nd7 19. Rac1 Nc5 20. Qe2 c6 21. Rcd1 Qc7 22. Ncb1 Ne4 23. Bxg7 Kxg7 24. Qb2+ Kh7 25. bxc6 bxc6 26. Qd4 Nf7 27. Bxe4 fxe4 28. Nc3 Bg4 29. Nxe4 Rxe4 30. Qxe4 Bxd1 31. Rxd1 Qa5 32. Nc2 Qa4 33. f5 gxf5 34. Qxf5+ Kg7 35. Rf1 Qxc4 36. Nd4 Re8 37. Qf6+ Kf8 38. Qxd6+ Kg8 39. Qg6+ Kf8 40. Qxh6+ Kg8 41. Qg6+ Kf8 42. Qxc6 Qxa2 43. Nf5 Re6 44. Qc8+ Re8 45. Qc3 Rd8 1-0

[Event "EU-chT Seniors 08th"]
[Site "Dresden"]
[Date "2006.02.22"]
[Round "6"]
[White "Kanko, Ilkka"]
[Black "Rodkin, Rafael"]
[Result "1-0"]
[WhiteElo "2227"]
[BlackElo "2233"]
[PlyCount "107"]
[EventDate "2006.02.17"]
[EventType "team-swiss"]
[EventRounds "8"]
[EventCountry "GER"]
[SourceTitle "CBM 111 Extra"]
[Source "ChessBase"]
[SourceDate "2006.05.09"]
[SourceVersion "1"]
[SourceVersionDate "2006.05.09"]
[SourceQuality "1"]
[WhiteTeam "Finland"]
[BlackTeam "Odessa WIS"]
[WhiteTeamCountry "FIN"]
[BlackTeamCountry "ISR"]

1. d4 Nf6 2. c4 c5 3. d5 d6 4. Nc3 g6 5. e4 Bg7 6. Be2 0-0 7. Nf3 e6 8. Nd2 Na6 9. 0-0 Nc7 10. f4 exd5 11. cxd5 b6 12. a4 Re8 13. Kh1 Ba6 14. Bxa6 Nxa6 15. Qf3 Nb4 16. Nc4 Qd7 17. Bd2 Rad8 18. Na3 Qg4 19. a5 Re7 20. axb6 axb6 21. Nc4 Rb7 22. Nb5 Nc2 23. Ra6 Qd7 24. Ncxd6 Nd4 25. Nxd4 Qxd6 26. Nc6 Re8 27. Ne5 Qf8 28. Bc3 b5 29. b3 h5 30. Re1 b4 31. Bd2 Ra8 32. Qd3 Rba7 33. Rxa7 Rxa7 34. h3 Qa8 35. Kh2 Ra2 36. d6 Qa6 37. Qxa6 Rxa6 38. Nc4 Nd7 39. e5 Kf8 40. g4 hxg4 41. hxg4 Ra2 42. Kg3 g5 43. e6 fxe6 44. Rxe6 Bc3 45. Be3 gxf4+ 46. Kxf4 Bf6 47. g5 Bd8 48. Kf5 Ra1 49. Rh6 Kg7 50. Ke6 Nb6 51. Ne5 Rb1 52. g6 Rxb3 53. Rh7+ Kg8 54. Bh6 1-0

[Event "EU-chT Seniors 08th"]
[Site "Dresden"]
[Date "2006.02.19"]
[Round "3"]
[White "Escher, Helmut"]
[Black "Rodkin, Rafael"]
[Result "0-1"]
[WhiteElo "2084"]
[BlackElo "2233"]
[PlyCount "82"]
[EventDate "2006.02.17"]
[EventType "team-swiss"]
[EventRounds "8"]
[EventCountry "GER"]
[SourceTitle "CBM 111 Extra"]
[Source "ChessBase"]
[SourceDate "2006.05.09"]
[SourceVersion "1"]
[SourceVersionDate "2006.05.09"]
[SourceQuality "1"]
[WhiteTeam "Hessen"]
[BlackTeam "Odessa WIS"]
[WhiteTeamCountry "GER"]
[BlackTeamCountry "ISR"]

1. d4 Nf6 2. Nf3 d6 3. Bf4 g6 4. e3 Bg7 5. h3 0-0 6. c3 Nbd7 7. Nbd2 Re8 8. Bc4 e5 9. dxe5 dxe5 10. Bg3 Qe7 11. Ng5 Rf8 12. Bh4 Nb6 13. Bb3 Bf5 14. e4 Bd7 15. 0-0 Bb5 16. c4 Bc6 17. Qc2 Nbd7 18. Ngf3 Nc5 19. Rfe1 Rad8 20. Re2 h6 21. Bxf6 Bxf6 22. Rd1 Rd6 23. Qb1 Rfd8 24. Bc2 Ne6 25. g3 a5 26. Ree1 Nc5 27. Nb3 Nxe4 28. Nxa5 Rxd1 29. Rxd1 Rxd1+ 30. Qxd1 Qc5 31. Bxe4 Bxe4 32. Qe2 Bf5 33. Nb3 Qd6 34. g4 Bb1 35. Nbd2 Bd3 36. Qe3 Bg7 37. Ne1 e4 38. Nxe4 Bxe4 39. Qxe4 Bxb2 40. Qxb7 Bd4 41. Nf3 Qg3+ 0-1

[Event "Calvia U2300 opB"]
[Site "Mallorca"]
[Date "2004.10.28"]
[Round "8"]
[White "Ljubisavljevic, Zivojin Z"]
[Black "Rodkin, Rafael"]
[Result "0-1"]
[WhiteElo "2273"]
[BlackElo "2253"]
[PlyCount "50"]
[EventDate "2004.10.22"]
[EventType "swiss"]
[EventRounds "9"]
[EventCountry "ESP"]
[SourceTitle "EXT 2005"]
[Source "ChessBase"]
[SourceDate "2004.11.15"]
[SourceVersion "1"]
[SourceVersionDate "2004.11.15"]
[SourceQuality "1"]

1. e4 c5 2. Nc3 Nc6 3. f4 a6 4. Nf3 g6 5. g3 Bg7 6. Bg2 d6 7. 0-0 e6 8. Ne2 Nge7 9. c3 d5 10. d3 0-0 11. e5 Bd7 12. g4 Rb8 13. Qe1 f6 14. d4 fxe5 15. fxe5 h6 16. h4 Rf7 17. Ng3 Qf8 18. Bh3 Rf4 19. Bxf4 Qxf4 20. g5 hxg5 21. Nxg5 Qxh4 22. Bxe6+ Bxe6 23. Nxe6 Bh6 24. Qf2 Qg4 25. dxc5 Nf5 0-1

[Event "Calvia U2300 opB"]
[Site "Mallorca"]
[Date "2004.10.24"]
[Round "4"]
[White "Habibi, Ali"]
[Black "Rodkin, Rafael"]
[Result "1/2-1/2"]
[WhiteElo "2283"]
[BlackElo "2253"]
[PlyCount "103"]
[EventDate "2004.10.22"]
[EventType "swiss"]
[EventRounds "9"]
[EventCountry "ESP"]
[SourceTitle "EXT 2005"]
[Source "ChessBase"]
[SourceDate "2004.11.15"]
[SourceVersion "1"]
[SourceVersionDate "2004.11.15"]
[SourceQuality "1"]

1. c4 Nf6 2. g3 c5 3. Bg2 e6 4. Nf3 Nc6 5. 0-0 d6 6. b3 Be7 7. Bb2 0-0 8. Na3 Bd7 9. Nc2 Qc7 10. Rc1 a6 11. d4 cxd4 12. Ncxd4 Rad8 13. Qc2 Qa5 14. Bc3 Qc7 15. Ng5 Nxd4 16. Bxd4 e5 17. Bb2 Bc6 18. e4 h6 19. Nh3 Nd7 20. Kh1 Bf6 21. Ng1 Nc5 22. Ne2 Ne6 23. f4 Qe7 24. Ba3 Rfe8 25. f5 Nd4 26. Qd3 Nxe2 27. Qxe2 Qc7 28. Rfd1 Rd7 29. Rc2 Red8 30. Rcd2 b5 31. h4 Be7 32. Bc1 bxc4 33. Qxc4 Bb5 34. Qxc7 Rxc7 35. Ba3 a5 36. Rd5 Be8 37. R5d2 a4 38. Kh2 axb3 39. axb3 Rc3 40. Bxd6 Bxd6 41. Rxd6 Rxd6 42. Rxd6 Rxb3 43. Rd5 f6 44. Rd8 Kf7 45. Rc8 Bd7 46. Rc7 Ke7 47. g4 Re3 48. Ra7 Kd6 49. Rb7 Ra3 50. Rb8 Bc6 51. Rg8 Ra7 52. Kg3 1/2-1/2

[Event "Augsburg Afro op"]
[Site "Augsburg"]
[Date "2003.08.10"]
[Round "7"]
[White "Rodkin, Rafael"]
[Black "Jussupow, Nadejda"]
[Result "1-0"]
[WhiteElo "2251"]
[BlackElo "2051"]
[PlyCount "49"]
[EventDate "2003.08.06"]
[EventType "swiss"]
[EventRounds "7"]
[EventCountry "GER"]
[SourceTitle "EXT 2006"]
[Source "ChessBase"]
[SourceDate "2005.11.24"]
[SourceVersion "1"]
[SourceVersionDate "2005.11.24"]
[SourceQuality "1"]

1. c4 e5 2. Nc3 d6 3. Nf3 Nf6 4. g3 g6 5. d4 Nbd7 6. b3 Bg7 7. dxe5 dxe5 8. Ba3 c6 9. Qd2 Qa5 10. Bd6 e4 11. Nd4 Ng4 12. Bg2 f5 13. 0-0 Kf7 14. b4 Qb6 15. e3 Nde5 16. c5 Qd8 17. Qe2 Nd3 18. b5 Bxd4 19. exd4 Qf6 20. bxc6 bxc6 21. Nxe4 fxe4 22. Bxe4 Nb4 23. Qc4+ Nd5 24. Bxd5+ cxd5 25. Qxd5+ 1-0

[Event "Augsburg Afro op"]
[Site "Augsburg"]
[Date "2003.08.07"]
[Round "1"]
[White "Rodkin, Rafael"]
[Black "Reif, Michael"]
[Result "1-0"]
[WhiteElo "2251"]
[BlackElo "1741"]
[PlyCount "146"]
[EventDate "2003.08.06"]
[EventType "swiss"]
[EventRounds "7"]
[EventCountry "GER"]
[SourceTitle "EXT 2006"]
[Source "ChessBase"]
[SourceDate "2005.11.24"]
[SourceVersion "1"]
[SourceVersionDate "2005.11.24"]
[SourceQuality "1"]

1. e4 e6 2. d4 d5 3. Nd2 dxe4 4. Nxe4 Nf6 5. Bg5 Be7 6. Bxf6 Bxf6 7. Nf3 0-0 8. c3 b6 9. Bd3 Ba6 10. Bxa6 Nxa6 11. 0-0 Qe7 12. Re1 c5 13. Qa4 Qb7 14. Nd6 Qd5 15. Nxf7 Rxf7 16. Qxa6 cxd4 17. cxd4 Bxd4 18. Rad1 e5 19. Qd3 Rd8 20. Kf1 Rfd7 21. b3 Qf7 22. Qe4 Qf6 23. Re2 Rd5 24. h4 h6 25. g3 Qe6 26. Kg2 Bc3 27. Rc1 Rc5 28. Re3 Rdc8 29. Rd1 g6 30. Red3 Qc6 31. Rd8+ Rxd8 32. Rxd8+ Kf7 33. Qe3 Kg7 34. h5 gxh5 35. Kh2 Qe6 36. Qe4 Rc7 37. Nh4 Rf7 38. f3 Qf6 39. Rc8 Bd2 40. Rc6 Qd8 41. Qxe5+ Kh7 42. Rd6 Qxh4+ 43. gxh4 Bf4+ 44. Qxf4 Rxf4 45. Kg3 Rf7 46. a4 Kg7 47. b4 Rc7 48. b5 Kh7 49. Rc6 Rd7 50. Kf2 Re7 51. Rd6 Kg7 52. Rc6 Kh7 53. Kg3 Rd7 54. Re6 Rf7 55. Re5 Rg7+ 56. Kf4 Rf7+ 57. Ke4 Rc7 58. Kd5 Rf7 59. Kc6 Rxf3 60. Re7+ Kg6 61. Rxa7 Rf6+ 62. Kb7 Kf5 63. Ra6 Kg4 64. Rxb6 Rf7+ 65. Kb8 Rf8+ 66. Kc7 Rf7+ 67. Kc8 Rf8+ 68. Kd7 Rf7+ 69. Ke6 Ra7 70. Ra6 Rb7 71. Kd5 Kxh4 72. Rxh6 Kg4 73. Rh8 Ra7 1-0

[Event "Bayern-chI Bank Hofmann 6th"]
[Site "Bad Wiessee"]
[Date "2002.11.02"]
[Round "8"]
[White "Rodkin, Rafael"]
[Black "Behm, Simon"]
[Result "1-0"]
[WhiteElo "2252"]
[BlackElo "1929"]
[PlyCount "47"]
[EventDate "2002.10.26"]
[EventType "swiss"]
[EventRounds "9"]
[EventCountry "GER"]
[SourceTitle "EXT 2003"]
[Source "ChessBase"]
[SourceDate "2002.11.25"]
[SourceVersion "1"]
[SourceVersionDate "2002.11.25"]
[SourceQuality "1"]

1. d4 Nf6 2. c4 e6 3. Nf3 c5 4. Nc3 cxd4 5. Nxd4 Qb6 6. e3 Be7 7. a3 0-0 8. Be2 Nc6 9. 0-0 Rd8 10. b4 d5 11. c5 Qc7 12. Qc2 e5 13. Nf5 Bxf5 14. Qxf5 d4 15. Ne4 Qd7 16. Nxf6+ Bxf6 17. Qxd7 Rxd7 18. Bg4 Rdd8 19. Ra2 Be7 20. Bd2 g6 21. b5 Nb8 22. Bf3 Rd7 23. c6 bxc6 24. bxc6 1-0

[Event "Bayern-chI Bank Hofmann 6th"]
[Site "Bad Wiessee"]
[Date "2002.10.29"]
[Round "4"]
[White "Rodkin, Rafael"]
[Black "Woerl, Richard"]
[Result "1/2-1/2"]
[WhiteElo "2252"]
[BlackElo "2094"]
[PlyCount "131"]
[EventDate "2002.10.26"]
[EventType "swiss"]
[EventRounds "9"]
[EventCountry "GER"]
[SourceTitle "EXT 2003"]
[Source "ChessBase"]
[SourceDate "2002.11.25"]
[SourceVersion "1"]
[SourceVersionDate "2002.11.25"]
[SourceQuality "1"]

1. d4 d5 2. c4 e6 3. Nf3 Nf6 4. Nc3 c6 5. e3 Bd6 6. Bd3 Nbd7 7. 0-0 0-0 8. e4 dxe4 9. Nxe4 Nxe4 10. Bxe4 f5 11. Bc2 e5 12. c5 Bc7 13. Bb3+ Kh8 14. Ng5 e4 15. Ne6 Bxh2+ 16. Kxh2 Qh4+ 17. Kg1 f4 18. Nxf8 Nf6 19. f3 e3 20. Qe1 Qg5 21. Be6 Nh5 22. g4 Ng3 23. Kg2 Nxf1 24. Qxf1 Qh4 25. Bxe3 Qg3+ 26. Kh1 fxe3 27. Qg2 Qf4 28. Re1 Bxe6 29. Nxe6 Qh6+ 30. Qh2 Qxe6 31. Qe5 Qxa2 32. Rxe3 h6 33. Re2 Rd8 34. g5 Qb1+ 35. Kh2 Rd5 36. Qe8+ Kh7 37. gxh6 Qf5 38. Qe4 Qxe4 39. Rxe4 Kxh6 40. Kg3 g5 41. Kg4 Kg6 42. Re6+ Kf7 43. Rd6 Rxd6 44. cxd6 Kf6 45. d7 Ke7 46. Kxg5 Kxd7 47. Kf6 a5 48. f4 a4 49. f5 b5 50. Kg6 b4 51. f6 a3 52. bxa3 bxa3 53. f7 a2 54. f8Q a1Q 55. Qf5+ Kc7 56. Qe5+ Kb7 57. Kf6 Qc3 58. Ke7 Qh3 59. Qg7 Kb6 60. Kd8 Qb3 61. Qc7+ Kb5 62. Qe5+ Qd5+ 63. Kc7 Kc4 64. Qd6 Qxd6+ 65. Kxd6 Kxd4 66. Kxc6 1/2-1/2

[Event "Bayern-chI Bank Hofmann 6th"]
[Site "Bad Wiessee"]
[Date "2002.10.27"]
[Round "2"]
[White "Rodkin, Rafael"]
[Black "Plank, Peter"]
[Result "1-0"]
[WhiteElo "2252"]
[BlackElo "2092"]
[PlyCount "53"]
[EventDate "2002.10.26"]
[EventType "swiss"]
[EventRounds "9"]
[EventCountry "GER"]
[SourceTitle "EXT 2003"]
[Source "ChessBase"]
[SourceDate "2002.11.25"]
[SourceVersion "1"]
[SourceVersionDate "2002.11.25"]
[SourceQuality "1"]

1. d4 d5 2. c4 e6 3. Nf3 Nf6 4. Nc3 Nbd7 5. e3 c6 6. cxd5 cxd5 7. Bd3 Bb4 8. 0-0 Bxc3 9. bxc3 0-0 10. c4 b6 11. Ba3 Re8 12. Ne5 Bb7 13. f4 dxc4 14. Nxc4 Qc7 15. Rc1 Qc6 16. e4 Nxe4 17. Nd6 Nec5 18. Nxb7 Qxb7 19. dxc5 Nxc5 20. Bxc5 bxc5 21. f5 e5 22. f6 e4 23. Qg4 g6 24. Qg5 Kh8 25. Qh6 Rg8 26. Rf4 Qb2 27. Qxh7+ 1-0

[Event "Schneider Bohemia op"]
[Site "Plzen"]
[Date "2001.08.24"]
[Round "7"]
[White "Siktanc, Petr"]
[Black "Rodkin, Rafael"]
[Result "1/2-1/2"]
[WhiteElo "2129"]
[BlackElo "2314"]
[PlyCount "154"]
[EventDate "2001.08.18"]
[EventType "swiss"]
[EventRounds "9"]
[EventCountry "CZE"]
[SourceTitle "EXT 2002"]
[Source "ChessBase"]
[SourceDate "2001.11.25"]
[SourceVersion "1"]
[SourceVersionDate "2001.11.25"]
[SourceQuality "1"]

1. d4 Nf6 2. Nf3 e6 3. e3 c5 4. Bd3 b6 5. 0-0 Be7 6. Nbd2 Nc6 7. c3 a5 8. Qe2 0-0 9. a3 d6 10. Rd1 Qc7 11. e4 e5 12. dxe5 Nxe5 13. Nxe5 dxe5 14. Nf1 Bb7 15. Ng3 g6 16. Bh6 Rfd8 17. Bc4 Rxd1+ 18. Rxd1 Rd8 19. Re1 Qd7 20. h3 Bc6 21. Qf3 b5 22. Bb3 c4 23. Bc2 Ne8 24. Qe2 Nc7 25. a4 Ne6 26. axb5 Bxb5 27. Rd1 Qc6 28. Rxd8+ Bxd8 29. Nf1 Nc5 30. Nd2 g5 31. Qh5 Qg6 32. Qxg6+ hxg6 33. Nf3 f6 34. h4 gxh4 35. Be3 Nd3 36. Bxd3 cxd3 37. Nxh4 Bb6 38. Nf3 Bxe3 39. fxe3 Bc6 40. Nd2 a4 41. Kf2 Kf7 42. g4 Ke7 43. Kg3 Ke6 44. Kh4 g5+ 45. Kg3 Kd6 46. Kf3 Kc5 47. Nb1 Bd7 48. Nd2 Be6 49. Nb1 Kb5 50. Na3+ Ka5 51. Nb1 Ba2 52. Na3 Bb3 53. Nb1 a3 54. bxa3 Ka4 55. Kf2 Ba2 56. Nd2 Be6 57. Ke1 Kxa3 58. Nf1 Bxg4 59. Kd2 Be2 60. Ng3 Kb3 61. Nf5 Kc4 62. Nd6+ Kc5 63. Nf5 Kc6 64. c4 Kc5 65. Kc3 d2 66. Kxd2 Bxc4 67. Kc3 Bb5 68. Ng3 Bd7 69. Nh5 g4 70. Kd2 Kd6 71. Nxf6 g3 72. Ke2 Bh3 73. Kf3 g2 74. Kf2 Kc5 75. Nh7 Kc4 76. Ng5 Bc8 77. Kxg2 Kd3 1/2-1/2

[Event "Schneider Bohemia op"]
[Site "Plzen"]
[Date "2001.08.20"]
[Round "3"]
[White "Chalupecky, Vladimir"]
[Black "Rodkin, Rafael"]
[Result "1/2-1/2"]
[WhiteElo "2103"]
[BlackElo "2314"]
[PlyCount "186"]
[EventDate "2001.08.18"]
[EventType "swiss"]
[EventRounds "9"]
[EventCountry "CZE"]
[SourceTitle "EXT 2002"]
[Source "ChessBase"]
[SourceDate "2001.11.25"]
[SourceVersion "1"]
[SourceVersionDate "2001.11.25"]
[SourceQuality "1"]

1. e4 e5 2. Nf3 Nc6 3. d4 exd4 4. Nxd4 Bc5 5. Be3 Qf6 6. c3 Nge7 7. f4 Nxd4 8. cxd4 Bb4+ 9. Nc3 Qc6 10. Qc2 d5 11. Bd3 g6 12. 0-0 Bxc3 13. bxc3 dxe4 14. Bxe4 Qd6 15. f5 gxf5 16. Bf4 Qg6 17. Bf3 c6 18. Rfe1 Be6 19. c4 0-0 20. Bd6 Qf6 21. d5 cxd5 22. Bxe7 Qxe7 23. cxd5 Rac8 24. Qf2 b6 25. Qg3+ Kh8 26. Qe5+ Kg8 27. dxe6 fxe6 28. Qxe6+ Qxe6 29. Rxe6 Rc7 30. Rae1 Rfc8 31. Re8+ Rxe8 32. Rxe8+ Kg7 33. Kf2 b5 34. Re5 Kf6 35. Re2 a5 36. Bd5 Rc5 37. Re6+ Kg5 38. Bf3 h5 39. g3 h4 40. Kg2 b4 41. Re2 a4 42. Rb2 Rc4 43. Bd1 a3 44. Rd2 hxg3 45. Kxg3 Rc3+ 46. Kf2 Rc6 47. Rd4 Rb6 48. Kf3 Rb8 49. h4+ Kf6 50. Kf4 Rh8 51. h5 b3 52. Bxb3 Rxh5 53. Rd6+ Ke7 54. Ra6 Kd7 55. Rxa3 Kc6 56. Ra5 Rh4+ 57. Kg5 Rh2 58. Rxf5 Re2 59. Kf6 Kb6 60. Re5 Rh2 61. Ke6 Rh8 62. Kd5 Rd8+ 63. Kc4 Rc8+ 64. Kb4 Rh8 65. Re6+ Ka7 66. Bc4 Rb8+ 67. Ka5 Rh8 68. Re7+ Kb8 69. a4 Rh6 70. Kb5 Rg6 71. a5 Rd6 72. a6 Rd8 73. a7+ Ka8 74. Be6 Rd3 75. Re8+ Kxa7 76. Re7+ Kb8 77. Kc6 Rd1 78. Rb7+ Ka8 79. Rb4 Ka7 80. Bd5 Rc1+ 81. Kd6 Ka6 82. Bc6 Ka5 83. Rb5+ Ka6 84. Kc7 Rc4 85. Rb8 Ka5 86. Kd6 Rb4 87. Ra8+ Kb6 88. Kd5 Rh4 89. Rb8+ Kc7 90. Rb7+ Kc8 91. Kc5 Rh5+ 92. Kb6 Re5 93. Rc7+ Kd8 1/2-1/2

[Event "Pardubice Czech op"]
[Site "Pardubice"]
[Date "2001.07.23"]
[Round "4"]
[White "Faibisovich, Vadim Z"]
[Black "Rodkin, Rafael"]
[Result "1/2-1/2"]
[WhiteElo "2430"]
[BlackElo "2314"]
[PlyCount "115"]
[EventDate "2001.07.20"]
[EventType "swiss"]
[EventRounds "9"]
[EventCountry "CZE"]
[SourceTitle "CBM 083 Extra"]
[Source "ChessBase"]
[SourceDate "2001.09.11"]
[SourceVersion "1"]
[SourceVersionDate "2001.09.11"]
[SourceQuality "1"]

1. e4 c5 2. Nf3 e6 3. Nc3 a6 4. d4 cxd4 5. Nxd4 b5 6. Bd3 d6 7. 0-0 Nf6 8. Qe2 Be7 9. a4 b4 10. Na2 a5 11. c3 e5 12. Bb5+ Kf8 13. Nb3 Na6 14. Bd2 Nc5 15. Nxc5 dxc5 16. Rfd1 Qc7 17. cxb4 cxb4 18. Rac1 Qb8 19. b3 h6 20. Rc2 Bb7 21. f3 g6 22. Nc1 Kg7 23. Nd3 Rc8 24. Rxc8 Bxc8 25. Bc4 Be6 26. Bxe6 Qb6+ 27. Be3 Qxe6 28. Qb2 Nd7 29. Nf4 Qc6 30. Rc1 Qd6 31. Nd5 Bd8 32. Qc2 Bg5 33. Bxg5 hxg5 34. Qc7 Ra6 35. Qxd6 Rxd6 36. Kf2 f5 37. Rc7 g4 38. Ke2 gxf3+ 39. gxf3 Kh6 40. Kd3 Kg5 41. Kc4 fxe4 42. fxe4 Nf6 43. Nxf6 Kxf6 44. Kb5 Rd3 45. Kxa5 Rxb3 46. Rb7 Rb2 47. Rxb4 Rxh2 48. Kb6 g5 49. a5 g4 50. a6 Kg5 51. a7 Rh8 52. Ka6 Ra8 53. Rb8 Rxa7+ 54. Kxa7 Kf4 55. Kb6 Kxe4 56. Kc5 g3 57. Kc4 g2 58. Rg8 1/2-1/2

[Event "Wch Seniors 09th"]
[Site "Gladenbach"]
[Date "1999.11.19"]
[Round "10"]
[White "Gruzmann, Boris"]
[Black "Rodkin, Rafael"]
[Result "0-1"]
[WhiteElo "2276"]
[BlackElo "2240"]
[PlyCount "159"]
[EventDate "1999.11.07"]
[EventType "swiss"]
[EventRounds "11"]
[EventCountry "GER"]
[SourceTitle "EXT 2001"]
[Source "ChessBase"]
[SourceDate "2000.11.22"]
[SourceVersion "1"]
[SourceVersionDate "2000.11.22"]
[SourceQuality "1"]

1. e4 c5 2. Nf3 d6 3. d4 cxd4 4. Nxd4 Nf6 5. Nc3 a6 6. h3 e5 7. Nde2 Nbd7 8. g4 Nc5 9. Bg2 b5 10. a3 Bb7 11. Ng3 Nfd7 12. 0-0 Ne6 13. Nce2 Qc7 14. Be3 Nb6 15. b3 Rc8 16. Qd2 g6 17. Kh1 Be7 18. f4 exf4 19. Nxf4 Nxf4 20. Bxf4 Nd7 21. c4 bxc4 22. bxc4 Ne5 23. Bh6 Qxc4 24. Rab1 Bc6 25. Rbc1 Qe6 26. Ne2 Bb7 27. Rb1 Qd7 28. Bg7 Nc4 29. Qf4 Rf8 30. Bxf8 Bxf8 31. Nc3 Bg7 32. Nd5 Bxd5 33. exd5 Kf8 34. Rfc1 Be5 35. Qh6+ Bg7 36. Qf4 Be5 37. Qf1 Ne3 38. Qxa6 Re8 39. Qc6 Qd8 40. Rb7 Kg7 41. Rb3 Qg5 42. Qxe8 Qf4 43. Qxe5+ dxe5 44. Re1 Nxg2 45. Kxg2 Qd2+ 46. Kf1 Qxd5 47. Rbe3 f6 48. Kf2 Qd4 49. Kg2 Kh6 50. R1e2 Kg5 51. Re4 Qa1 52. a4 Kh4 53. Rf2 Qc3 54. g5+ Kxg5 55. Rg4+ Kh6 56. Rxf6 Kg7 57. Rf3 Qd2+ 58. Rf2 Qd5+ 59. Kh2 Qd3 60. Rg3 Qd4 61. Ra2 Qc4 62. Raa3 Kf6 63. a5 Qa6 64. Rge3 e4 65. Kg2 Kf5 66. Ra4 g5 67. Rexe4 h5 68. Kf2 h4 69. Rec4 Kg6 70. Ke3 Qe6+ 71. Kd4 Qxh3 72. a6 Qd7+ 73. Kc3 Qa7 74. Ra5 h3 75. Rg4 h2 76. Rgxg5+ Kf6 77. Raf5+ Ke6 78. Re5+ Kd6 79. Re1 Qc7+ 80. Kb2 0-1

[Event "Wch Seniors 09th"]
[Site "Gladenbach"]
[Date "1999.11.12"]
[Round "5"]
[White "Katalymov, Boris N"]
[Black "Rodkin, Rafael"]
[Result "1-0"]
[WhiteElo "2407"]
[BlackElo "2240"]
[PlyCount "57"]
[EventDate "1999.11.07"]
[EventType "swiss"]
[EventRounds "11"]
[EventCountry "GER"]
[SourceTitle "EXT 2001"]
[Source "ChessBase"]
[SourceDate "2000.11.22"]
[SourceVersion "1"]
[SourceVersionDate "2000.11.22"]
[SourceQuality "1"]

1. e4 e5 2. Nf3 Nc6 3. Bb5 Nf6 4. 0-0 Nxe4 5. d4 Nd6 6. Bxc6 dxc6 7. dxe5 Nf5 8. Qxd8+ Kxd8 9. Nc3 Ke8 10. Ne2 a5 11. Nf4 Be7 12. Re1 a4 13. Bd2 Kf8 14. Bc3 g6 15. e6 f6 16. g4 Nd6 17. h4 Nb5 18. Bd2 Kg7 19. c4 Nd6 20. Bc3 Nxc4 21. g5 h5 22. Kh1 Rf8 23. Rg1 Kh7 24. Nxg6 Bxe6 25. Nxe7 Bg4 26. g6+ Kh6 27. Nd4 Nd6 28. Bd2+ Kg7 29. Rxg4 1-0

[Event "Bayern-chI Bank Hofmann 3rd"]
[Site "Bad Wiessee"]
[Date "1999.10.29"]
[Round "7"]
[White "Rodkin, Rafael"]
[Black "Schmittdiel, Eckhard"]
[Result "1-0"]
[WhiteElo "2240"]
[BlackElo "2505"]
[PlyCount "95"]
[EventDate "1999.10.23"]
[EventType "swiss"]
[EventRounds "9"]
[EventCountry "GER"]
[SourceTitle "EXT 2001"]
[Source "ChessBase"]
[SourceDate "2000.11.22"]
[SourceVersion "1"]
[SourceVersionDate "2000.11.22"]
[SourceQuality "1"]

1. c4 c5 2. Nf3 g6 3. e4 Bg7 4. d4 cxd4 5. Nxd4 Nc6 6. Be3 Nf6 7. Nc3 Ng4 8. Qxg4 Nxd4 9. Qd1 Ne6 10. Rc1 b6 11. Be2 0-0 12. 0-0 Bb7 13. Qd2 Nc5 14. f3 f5 15. exf5 gxf5 16. Rfd1 d6 17. Nd5 Rc8 18. Nf4 Qe8 19. b4 e5 20. Nd5 Ne6 21. Nc3 Rd8 22. Nb5 f4 23. Bf2 Qg6 24. Qc2 e4 25. Nxd6 Ba8 26. Nxe4 Nd4 27. Bxd4 Bxd4+ 28. Kh1 Kh8 29. c5 bxc5 30. bxc5 Be3 31. Rxd8 Rxd8 32. Rd1 Rxd1+ 33. Bxd1 Bxe4 34. fxe4 Qg7 35. c6 Bb6 36. Qd2 Qe5 37. h3 h6 38. Qc1 Kg7 39. Bb3 Kf6 40. Bd5 Kg6 41. Bb3 Kf6 42. Qe1 Kg5 43. h4+ Kf6 44. Qd1 Qxe4 45. Qd6+ Kf5 46. Qf8+ Kg4 47. Qg7+ Kxh4 48. Kh2 1-0

[Event "Feffernitz Raika op 08th"]
[Site "Feffernitz"]
[Date "1999.08.19"]
[Round "5.6"]
[White "Rodkin, Rafael"]
[Black "Aschenbrenner, Robert"]
[Result "0-1"]
[WhiteElo "2240"]
[BlackElo "2160"]
[PlyCount "54"]
[EventDate "1999.08.??"]
[EventType "swiss"]
[EventRounds "9"]
[EventCountry "AUT"]
[SourceTitle "EXT 2004"]
[Source "ChessBase"]
[SourceDate "2003.11.25"]
[SourceVersion "1"]
[SourceVersionDate "2003.11.25"]
[SourceQuality "1"]

1. d4 Nf6 2. c4 e5 3. dxe5 Ng4 4. e4 Nxe5 5. Nf3 Nbc6 6. Nxe5 Nxe5 7. Be2 Bc5 8. Nc3 0-0 9. 0-0 a5 10. Kh1 Ra6 11. f4 Rh6 12. Qe1 Nc6 13. f5 g5 14. g3 Nd4 15. Bd3 b5 16. cxb5 Bb7 17. Be3 Re8 18. Qf2 Qf6 19. Rae1 g4 20. Qf4 Bf8 21. Qxg4+ Kh8 22. Kg1 Bc5 23. Qf4 Rh5 24. Be2 Rxf5 25. exf5 Rxe3 26. Qxe3 Qe7 27. Qxe7 Nxe2# 0-1